000 01442nam0a2200301 4500
001 RU\NLR\BIBL_A\011429563
005 20250626064006.0
010 _a978-5-906701-92-3
_9700
021 _aRU
_b2017-37055
_92713
035 _a(NLR Aleph) 011429563
090 _a11646047
_c11646047
100 _a20170630d2017 |||y0rusy50 ca
101 0 _atat
102 _aRU
105 _aa z 000 y
200 1 _aКүгәй авылым - яшьлегем хатирәләре
_e[Татарстан Респ. Яшел Үзән р-ны Күгәй авылының кыскача тарихы]
_fРафил Җәләлеев
205 _a2 нче басма
_bтулыл.
210 _aКазан
_cИхлас
_d2017
215 _a183 б., [8] л. цв. фот.
_cпортр., фот., факс., ноты
_d25
541 1 _6z01790
_aДеревенька моя Кугеево - воспоминания юности
_e[краткая история д. Кугеево Зеленодол. р-на Респ. Татарстан].
_zrus
606 1 _aТатарская деревня
_xИстория
_92175442
_3RU\NLR\auth-onl\66106
686 1 _aТ3(2Р-6Т)-9
700 1 _aҖәләлиев
_bР. Г. улы
_f1951-
_gРафил Гариф улы
_4070
790 1 _6z01541
_aЗалялеев
_bР. Г.
_f1951-
_gРафиль Гарифович
_4070
852 _aNLR
_bОНЛ
_jТатар./4-1609
942 _cBOOK
980 _aNB